Statistics for NASCAR Greatest who never...

Click here to take the quiz!

General Stats

  • This quiz has been taken 26 times
  • The average score is 6 of 10

Answer Stats

HintAnswer% Correct
Tragically died at a young age, but in only six seasons, he won the Daytona 500 and had 2 wins his rookie year. Finished 3rd in points twice.Davey Allison
86%
Raced 19 seasons, won 26 races including two Daytona 500's. Finished in the top ten on seven occasions and won two Xfinity (Busch Series) championships back to back.Dale Earnhardt Jr.
77%
Finished 6th in points twice, but won 50 races, and is widely credited with developing drafting. As an owner, he won 6 championships as a car owner.Junior Johnson
77%
He finished 2nd 5 times and in the top five 13 times, top ten 17 times.Mark Martin
77%
With 8 top fives, 14 top tens, and 48 wins, this driver has been a consistent winner over 18 seaons.Denny Hamlin
68%
One of the all-time undisputed greatest nicknames. Finished 2nd in the standings his first year in spite of only running 9 of the 19 races. Never ran a full season, but was a consistent winner. Died from injuries sustained in a wreck at Charlotte Motor Speedway.Glenn Fireball Roberts
59%
Over 13 seasons, he won 28 races, including 9 in one season. Finished in the top ten 8 times and 2nd twice.Carl Edwards
55%
Raced for 33 years winning 23 times, he finished in the top five 5 times including a 2nd, and had 19 top ten finishes. One of the most consistent drivers ever.Ricky Rudd
32%
Ran an extremely limited schedule, even so won 26 races over 12 years finishing in the top ten twice.Would have at least 3 cup titles had he ran a full schedule.Fred Lorenzen
27%
Raced for 23 years winning 25 times. Compiled 10 top 10 finishes in points and like many on this list never ran a full scheduleJim Paschal
9%

Score Distribution

Percentile by Number Answered

Percent of People with Each Score

Your Score History

You have not taken this quiz